CLIPPER : summer '88 update

Bibliographic Details
Format: Book
Published: Los Angeles, Calif. : Nantucket , 1987
Subjects:

MARC

LEADER 00000cam a2200000 7i4500
001 0000002344
005 20030529.0
090 0 0 |a 005.453   |b CLI 1987 
245 0 0 |a CLIPPER :   |b summer '88 update 
260 0 0 |a Los Angeles, Calif. :   |b Nantucket ,   |c 1987 
300 |a Various pagings ;   |c 21 cm. 
650 0 0 |a Compilers (Computer programs)   |x Handbooks, manuals, etc. 
998 |a JPSM 
999 |a 0000004141   |b Monograph   |c Open Shelf   |e Default branch